000 00719nam a2200193 a 4500
001 000037108
005 20200930080139.0
008 120214s19uu dr 000 0 spa d
040 _aDO-SdBNP
_bspa
_cBNPHU
100 1 _aHegel, Georg Wilhelm Friedrich,
_d1770-1831
_960584
245 1 0 _aFilosofía del espiritu /
_cHegel Georg Wilhelm Friedrich ; notas y prólogo de E. Barriobero y Eduardo Herrán.
260 _aBuenos Aires, Argentina :
_bBiblioteca Pluma de oro |,
_c[19--?].
300 _a605 p. ;
_c23 cm.
490 1 _aColección de Grandes obras
500 _aVisión castellana
700 1 _aBarriobero, E.
_963517
700 1 _aHerrán, Eduardo
_epról.
_963518
830 0 _aColección de Grandes obras
_963519
999 _c36598
_d36598